[Event "SVK-chT2B 1112"]
[White "Oravetz, Frantisek"]
[Black "Sopko, Rudolf"]
[Site "Slovakia"]
[Round "9.3"]
[Result "1/2-1/2"]
[Date "2012.01.29"]
[WhiteElo "1903"]
[BlackElo "1913"]
[PlyCount "72"]
[EventDate "2011.10.08"]
[EventType "team-tourn"]
[EventRounds "11"]
[EventCountry "SVK"]
[SourceTitle "EXT 2013"]
[Source "ChessBase"]
[SourceDate "2012.11.22"]
[SourceVersion "1"]
[SourceVersionDate "2012.11.22"]
[SourceQuality "1"]
[WhiteTeam "Kamenny Most"]
[BlackTeam "Trencin SK II"]
[WhiteTeamCountry "SLO"]
[BlackTeamCountry "SVK"]

1. d4 d5 2. c4 Nf6 3. Nc3 g6 4. cxd5 Nxd5 5. e4 Nxc3 6. bxc3 Bg7 7. Bc4 c5 8. Ne2 0-0 9. 0-0 Nc6 10. Be3 cxd4 11. cxd4 b6 12. Rc1 Bb7 13. Qd2 Rc8 14. Rfd1 Na5 15. Bd3 Qd6 16. Qb2 Rxc1 17. Rxc1 Rc8 18. Rxc8+ Bxc8 19. Bf4 e5 20. Bg3 Nc6 21. d5 Qb4 22. Qc1 Ne7 23. f3 Qd6 24. Qa1 f5 25. a3 a5 26. Bf2 Bd7 27. Qb2 Nc8 28. Ba6 Bf8 29. Bxc8 Bxc8 30. Bxb6 Qb8 31. Bd4 Bd6 32. Qxb8 Bxb8 33. Bb6 a4 34. Bc5 Kf7 35. Nc3 Bd7 36. Kf1 Bc7 1/2-1/2

[Event "SVK-chT2B 1112"]
[White "Kral, Klaudia"]
[Black "Oravetz, Frantisek"]
[Site "Slovakia"]
[Round "5.3"]
[Result "1/2-1/2"]
[Date "2011.12.03"]
[WhiteElo "1914"]
[BlackElo "1903"]
[PlyCount "66"]
[EventDate "2011.10.08"]
[EventType "team-tourn"]
[EventRounds "11"]
[EventCountry "SVK"]
[SourceTitle "EXT 2013"]
[Source "ChessBase"]
[SourceDate "2012.11.22"]
[SourceVersion "1"]
[SourceVersionDate "2012.11.22"]
[SourceQuality "1"]
[WhiteTeam "Batorove Kosihy"]
[BlackTeam "Kamenny Most"]
[WhiteTeamCountry "SVK"]
[BlackTeamCountry "SLO"]

1. e4 c5 2. Nf3 e6 3. d4 cxd4 4. Nxd4 a6 5. Nc3 Qc7 6. Bd3 Nc6 7. Nb3 Nf6 8. 0-0 Be7 9. a4 b6 10. Kh1 0-0 11. f4 d6 12. Be3 Bb7 13. Be2 Rfe8 14. Bf3 Rac8 15. Qe1 Nb4 16. Qf2 Nd7 17. Bh5 Bf8 18. e5 g6 19. exd6 Bxd6 20. Bd1 Nd5 21. Nxd5 Bxd5 22. Nd4 Nc5 23. Be2 Ne4 24. Qe1 Bb7 25. c3 Bc5 26. Bd3 Nf6 27. Qe2 Nd5 28. Bd2 Ra8 29. Be4 Rad8 30. Qf3 Rd7 31. Nb3 Bf8 32. Nd4 Bg7 33. Rac1 Nf6 1/2-1/2